000 00438nam a2200169 a 4500
001 0000-9203
003 ELIB.Books
008 110520 1940
035 _a(ELIB.Books)0000-9355
082 _a254
_bFai
100 _aFairbanks, Grant
245 _aVoice and Articulation Drillbook
260 _bNew York: Harper & Brothers
_c1940
650 _aPastoral Theology
942 _2ddc
_cBK
998 _cbat
_e2011-05-20
999 _c9203
_d9203